All of "Stonewall" Jackson's Battles - Statistics

General Stats
  • This quiz has been taken 5 times
  • The average score is 7 of 26
Answer Stats
Year Battle % Correct
1863 Battle of Chancellorsville
100%
1862 Battle of Fredericksburg
100%
1861 1st Battle of Bull Run
80%
1862 2nd Battle of Bull Run
80%
1862 Battle of Antietam
80%
1862 Battle of Harpers Ferry
60%
1862 Battle of Malvern Hill
40%
1847 Siege of Veracruz
40%
1862 1st Battle of Kernstown
20%
1862 1st Battle of Winchester
20%
1862 Battle of Cedar Mountain
20%
1861 Battle of Falling Waters
20%
1862 Battle of Gaines's Mill
20%
1847 Battle of Mexico City
20%
1862 Battle of Port Republic
20%
1862 Manassas Station
20%
1862 1st Battle of Rappahannock Station
0%
1862 Battle of Chantilly
0%
1847 Battle of Chapultepec
0%
1847 Battle of Contreras
0%
1862 Battle of Front Royal
0%
1862 Battle of Hancock
0%
1862 Battle of McDowell
0%
1862 Battle of Savage's Station
0%
1862 Battle of White Oak Swamp
0%
1861 Great Train Raid
0%
No matching quizzes found
Score Distribution
Percent of People with Each Score
Percentile by Number Answered
Your Score History
You have not taken this quiz